Państwa, które mają dostęp do morza od północy - Statystyki

Ogólne statystyki
  • Ten quiz został rozwiązany 257 razy
    253 od ostatniego zresetowania
  • Średni wynik to 50 z 78
Statystyki odpowiedzi
Morze Państwo % Poprawnych
Morze Bałtyckie Polska
91%
Morze Śródziemne Algieria
87%
Morze Śródziemne Egipt
87%
Ocean Arktyczny Rosja
86%
Ocean Arktyczny Kanada
85%
Morze Północne / Kanał La Manche Francja
84%
Morze Północne / Morze Bałtyckie Niemcy
84%
Skagerrak Dania
83%
Morze Timor / Morze Arafura Australia
82%
Morze Ochockie Japonia
82%
Ocean Atlantycki / Morze Śródziemne Maroko
81%
Morze Norweskie / Morze Barentsa Norwegia
81%
Zatoka Biskajska Hiszpania
80%
Morze Śródziemne Libia
79%
Ocean Arktyczny Stany Zjednoczone
78%
Morze Norweskie Wielka Brytania
78%
Morze Południowochińskie / Morze Celebes / Morze Filipińskie Indonezja
77%
Morze Bałtyckie Estonia
75%
Morze Południowochińskie / Morze Filipińskie Filipiny
75%
Morze Szkockie Irlandia
75%
Morze Śródziemne Tunezja
74%
Ocean Atlantycki Kuba
73%
Morze Północne Holandia
72%
Morze Grenlandzkie Islandia
72%
Morze Karaibskie Wenezuela
72%
Morze Karaibskie Dominika
71%
Morze Czarne Turcja
71%
Ocean Spokojny Nowa Zelandia
70%
Ocean Atlantycki Dominikana
69%
Morze Karaibskie Kolumbia
69%
Ocean Atlantycki Haiti
67%
Morze Karaibskie Jamajka
65%
Morze Bałtyckie Łotwa
65%
Morze Południowochińskie Malezja
65%
Morze Śródziemne Cypr
64%
Ocean Atlantycki Gujana
62%
Ocean Indyjski Madagaskar
62%
Zatoka Perska Zjednoczone Emiraty Arabskie
62%
Zatoka Bengalska Sri Lanka
61%
Morze Sargassowe Bahamy
60%
Zatoka Perska Katar
60%
Morze Śródziemne Malta
60%
Morze Lakkadiwskie Malediwy
58%
Morze Filipińskie Palau
58%
Ocean Atlantycki Surinam
58%
Zatoka Perska Bahrajn
57%
Ocean Spokojny Fidżi
57%
Ocean Spokojny Wyspy Marshalla
57%
Ocean Atlantycki Antigua i Barbuda
56%
Ocean Spokojny Nauru
56%
Zatoka Perska Oman
56%
Morze Bismarcka Papua-Nowa Gwinea
56%
Morze Wschodniochińskie Tajwan
56%
Morze Karaibskie Saint Vincent i Grenadyny
55%
Ocean Spokojny Tuvalu
55%
Ocean Spokojny Wyspy Salomona
55%
Morze Karaibskie Saint Kitts i Nevis
54%
Morze Karaibskie Saint Lucia
54%
Ocean Indyjski Seszele
54%
Morze Banda Timor Wschodni
54%
Morze Karaibskie Trynidad i Tobago
54%
Ocean Spokojny Vanuatu
54%
Ocean Atlantycki Barbados
53%
Ocean Spokojny Samoa
53%
Ocean Spokojny Mikronezja
52%
Morze Karaibskie Panama
52%
Morze Karaibskie Grenada
50%
Ocean Spokojny Kiribati
50%
Zatoka Adeńska Somalia
50%
Zatoka Gwinejska Wyspy Świętego Tomasza i Książęca
50%
Morze Czerwone Erytrea
49%
Ocean Atlantycki Republika Zielonego Przylądka
49%
Morze Południowochińskie Brunei
48%
Ocean Indyjski Komory
48%
Ocean Indyjski Mauritius
48%
Ocean Spokojny Tonga
48%
Morze Karaibskie Honduras
46%
Cieśnina Johor Singapur
43%
Nie znaleziono quizów pasujących do podanych kryteriów
Rozkład punktacji
Procent ludzi z każdym wynikiem
Percentyl według liczby udzielonych odpowiedzi
Twoja historia wyników
Nie rozwiązałeś tego quizu od ostatniego zresetowania